[Event "Titled Tuesday intern op 25th Jul Early"]
[Site "Chess.com INT"]
[Date "2023.07.25"]
[Round "1"]
[White "Mortazavi, Ali"]
[Black "Gazineu Neto, Rubens"]
[Result "1-0"]
[WhiteElo "2333"]
[BlackElo "1912"]
[PlyCount "43"]
[EventDate "2023.07.25"]
[EventType "swiss (blitz)"]
[EventRounds "11"]
[EventCountry "USA"]
[SourceTitle "EXT 2024"]
[Source "ChessBase"]
[SourceDate "2023.10.10"]
[SourceVersion "1"]
[SourceVersionDate "2023.10.10"]
[SourceQuality "1"]

1. Nf3 d5 2. g3 c5 3. Bg2 Nc6 4. 0-0 Nf6 5. d3 e5 6. Nbd2 Bd6 7. e4 d4 8. Nh4 b5 9. a4 bxa4 10. Nf5 0-0 11. Nc4 Bc7 12. Rxa4 Be6 13. b3 a5 14. f4 Qd7 15. fxe5 Nxe5 16. Nxe5 Bxe5 17. Bf4 Bxf4 18. Rxf4 Bxf5 19. Rxf5 Rfc8 20. Rxf6 gxf6 21. Qh5 Re8 22. Bh3 1-0

[Event "Titled Tuesday intern op 25th Jul Late"]
[Site "Chess.com INT"]
[Date "2023.07.25"]
[Round "2"]
[White "Mortazavi, Ali"]
[Black "Hercegovac, Neven"]
[Result "1/2-1/2"]
[WhiteElo "2333"]
[BlackElo "2173"]
[PlyCount "80"]
[EventDate "2023.07.25"]
[EventType "swiss (blitz)"]
[EventRounds "11"]
[EventCountry "USA"]
[SourceTitle "EXT 2024"]
[Source "ChessBase"]
[SourceDate "2023.10.10"]
[SourceVersion "1"]
[SourceVersionDate "2023.10.10"]
[SourceQuality "1"]

1. Nf3 b6 2. g3 Bb7 3. Bg2 Nf6 4. 0-0 e6 5. d3 Be7 6. e4 d6 7. a4 a6 8. Nc3 Nbd7 9. Re1 c5 10. e5 dxe5 11. Nxe5 Bxg2 12. Kxg2 Nxe5 13. Rxe5 0-0 14. Qf3 h6 15. h4 Qc7 16. Re1 Rac8 17. Bf4 Qc6 18. b3 Rfd8 19. Re2 Qxf3+ 20. Kxf3 Nd5 21. Nxd5 Rxd5 22. Rae1 h5 23. Be5 g6 24. Bb2 Bf8 25. Re5 Rcd8 26. Rxd5 Rxd5 27. Re5 Rd7 28. Re2 Bg7 29. Bxg7 Kxg7 30. Re4 Kf6 31. Ke3 e5 32. b4 Rd4 33. bxc5 bxc5 34. c3 Rxe4+ 35. dxe4 c4 36. f4 a5 37. Kf3 Ke6 38. Ke3 Kf6 39. Kf3 Ke6 40. Ke3 Kf6 1/2-1/2

[Event "Titled Tuesday intern op 18th Jul Early"]
[Site "Chess.com INT"]
[Date "2023.07.18"]
[Round "1"]
[White "Kaiyrbekov, Rustam"]
[Black "Mortazavi, Ali"]
[Result "0-1"]
[WhiteElo "2295"]
[BlackElo "2333"]
[PlyCount "67"]
[EventDate "2023.07.18"]
[EventType "swiss (blitz)"]
[EventRounds "11"]
[EventCountry "USA"]
[SourceTitle "EXT 2024"]
[Source "ChessBase"]
[SourceDate "2023.10.10"]
[SourceVersion "1"]
[SourceVersionDate "2023.10.10"]
[SourceQuality "1"]

1. d4 Nf6 2. Nf3 g6 3. e3 Bg7 4. c4 0-0 5. Bd3 d6 6. Nc3 Nbd7 7. 0-0 e5 8. dxe5 dxe5 9. e4 c6 10. Be3 Qe7 11. Qc2 Nc5 12. Bxc5 Qxc5 13. a3 Bg4 14. b4 Qe7 15. Be2 Nh5 16. h3 Bxf3 17. Bxf3 Nf4 18. Rfd1 a5 19. b5 Rfd8 20. a4 Ne6 21. Ne2 h5 22. Rxd8+ Rxd8 23. Rd1 Bf8 24. Rxd8 Qxd8 25. g3 Bc5 26. Kg2 f6 27. h4 Qb6 28. Nc3 Bd4 29. Qd3 Qc5 30. Qe2 Bxc3 31. Bxh5 gxh5 32. Qxh5 Ng7 33. Qf5 Nxf5 34. exf5 0-1

[Event "Titled Tuesday intern op 18th Jul Early"]
[Site "Chess.com INT"]
[Date "2023.07.18"]
[Round "2"]
[White "Mortazavi, Ali"]
[Black "Panesar, Vedant"]
[Result "0-1"]
[WhiteElo "2333"]
[BlackElo "2391"]
[PlyCount "88"]
[EventDate "2023.07.18"]
[EventType "swiss (blitz)"]
[EventRounds "11"]
[EventCountry "USA"]
[SourceTitle "EXT 2024"]
[Source "ChessBase"]
[SourceDate "2023.10.10"]
[SourceVersion "1"]
[SourceVersionDate "2023.10.10"]
[SourceQuality "1"]

1. Nf3 d5 2. g3 c5 3. Bg2 Nc6 4. 0-0 Nf6 5. d3 e5 6. Nbd2 Bd6 7. e4 d4 8. Nh4 Bc7 9. a4 Bg4 10. f3 Be6 11. Nf5 0-0 12. f4 exf4 13. gxf4 Re8 14. Ng3 Ng4 15. Nc4 Qh4 16. h3 Qxg3 17. hxg4 Bxg4 18. Qe1 Qxe1 19. Rxe1 Be6 20. e5 Nb4 21. Re2 Bd5 22. Bxd5 Nxd5 23. f5 b6 24. Bd2 a6 25. Rae1 b5 26. axb5 axb5 27. Na3 Rab8 28. Kg2 g6 29. f6 Re6 30. Kf3 Rbe8 31. Nxb5 Bxe5 32. Bg5 Bxf6 33. Bxf6 Rxf6+ 34. Kg3 Ne3 35. b4 Re5 36. bxc5 Rg5+ 37. Kh2 Rf4 38. Rxe3 dxe3 39. Rxe3 Rxc5 40. Rh3 Rxb5 41. c4 Rb2+ 42. Kg3 Rf5 43. Kg4 Rg2+ 44. Kh4 Rf4# 0-1

[Event "Titled Tuesday intern op 18th Jul Early"]
[Site "Chess.com INT"]
[Date "2023.07.18"]
[Round "4"]
[White "Schmakel, Sam A"]
[Black "Mortazavi, Ali"]
[Result "0-1"]
[WhiteElo "2449"]
[BlackElo "2333"]
[PlyCount "90"]
[EventDate "2023.07.18"]
[EventType "swiss (blitz)"]
[EventRounds "11"]
[EventCountry "USA"]
[SourceTitle "EXT 2024"]
[Source "ChessBase"]
[SourceDate "2023.10.10"]
[SourceVersion "1"]
[SourceVersionDate "2023.10.10"]
[SourceQuality "1"]

1. e4 c6 2. d4 d5 3. exd5 cxd5 4. Bd3 Nc6 5. c3 Qc7 6. Ne2 Bg4 7. f3 Bd7 8. 0-0 e5 9. dxe5 Nxe5 10. Nd4 Bd6 11. f4 Nxd3 12. Qxd3 Ne7 13. a4 a6 14. Na3 0-0 15. Nac2 g6 16. a5 Rad8 17. Be3 Rfe8 18. g3 Nf5 19. Bf2 Re4 20. Rfd1 Rde8 21. Nf3 Bb5 22. Qxd5 Bc6 23. Qd3 Bb5 24. Qd2 Re2 25. Qc1 Rxf2 26. Kxf2 Re2+ 27. Kg1 Qc6 28. Nce1 Qe4 29. Qb1 Bc5+ 30. Rd4 Qe3+ 31. Kh1 Bc6 32. Qd3 Rxe1+ 33. Kg2 Re2+ 34. Kh3 Qxf3 35. Qxf3 Bxf3 36. Rc4 Ne3 37. Rxc5 Bg4+ 38. Kh4 Rxh2+ 39. Kg5 Kg7 40. f5 Rf2 41. f6+ Rxf6 42. Rb1 Rf2 43. Rh1 f6+ 44. Kh4 h5 45. b4 Ng2# 0-1